000
00168 a2200097 4500
020
_a
8484035255
041
_a
spa
100
_a
Homero
245
_a
La odisea
942
_c
BK
999
_c
3979
_d
3979